| 000 | 00505nam a2200157 i 4500 | ||
|---|---|---|---|
| 001 | 28337 | ||
| 003 | ES-MaACL | ||
| 007 | t| | ||
| 008 | 030117s1875 fr ||||1| fre d | ||
| 100 | 1 |
_aBain, Alexander. _924726 |
|
| 245 | 1 | 0 |
_aLogique déductive et inductive / _cpar Alexander Bain ; traduit de l'anglais par Gabriel Compayré... |
| 260 |
_aParis : _bGermer Baillière, _c1875 ( _fGeorges Chamerot) |
||
| 300 |
_a2 v. ; _c21 cm. |
||
| 700 | 1 |
_aCompayré, Gabriel. _940046 |
|
| 852 |
_aES-MaACL _jB-6177-78 |
||
| 999 |
_c28337 _d28337 |
||